LIBRARY ONLINE CATALOGUE

Accounting : (Record no. 5774)

MARC details
000 -LEADER
fixed length control field 00812nam a22002532 4500
001 - CONTROL NUMBER
control field 0000002303
005 - DATE AND TIME OF LATEST TRANSACTION
control field 20151217151848.0
008 - FIXED-LENGTH DATA ELEMENTS--GENERAL INFORMATION
fixed length control field 070410s xx 000 0 eng d
040 ## - CATALOGING SOURCE
Original cataloging agency KABU
Transcribing agency KABU
050 #0 - LIBRARY OF CONGRESS CALL NUMBER
Classification number HF5686
Item number .I56M84 1991
100 1# - MAIN ENTRY--PERSONAL NAME
Personal name Mueller, Gerhard G.
-- 0000151629
245 10 - TITLE STATEMENT
Title Accounting :
Remainder of title an international perspective /
Statement of responsibility, etc. G. G. Mueller, Helen Gernon, Gary Meek.
250 ## - EDITION STATEMENT
Edition statement 2nd ed.
260 ## - PUBLICATION, DISTRIBUTION, ETC. (IMPRINT)
Place of publication, distribution, etc. Boston :
Name of publisher, distributor, etc. Irwin,
Date of publication, distribution, etc. 1991.
300 ## - PHYSICAL DESCRIPTION
Extent 145 p.
500 ## - GENERAL NOTE
General note photocopy.
650 #0 - SUBJECT ADDED ENTRY--TOPICAL TERM
Topical term or geographic name as entry element Internet business enterprises
General subdivision Accounting.
-- 0000151630
700 1# - ADDED ENTRY--PERSONAL NAME
Personal name Gernon, Helen.
-- 0000151631
700 1# - ADDED ENTRY--PERSONAL NAME
Personal name Meek, Gary.
-- 0000151632
908 ## - PUT COMMAND PARAMETER (RLIN)
Put command parameter 070410
950 ## - LOCAL HOLDINGS (RLIN)
-- 1
Holdings
Withdrawn status Lost status Source of classification or shelving scheme Not for loan Home library Current library Date acquired Total Checkouts Full call number Barcode Date last seen Price effective from Koha item type
    Library of Congress Classification   Kabarak, Main Campus Kabarak, Main Campus 17/12/2015   HF5686 .I56M84 1991 17959 17/12/2015 17/12/2015 General Collection
    Library of Congress Classification   Kabarak, Main Campus Kabarak, Main Campus 17/12/2015   HF5686 .I56M84 1991 005135 17/12/2015 17/12/2015 General Collection